| 000 | 00552nam a22001457a 4500 | ||
|---|---|---|---|
| 003 | MACL | ||
| 005 | 20190601162319.0 | ||
| 008 | 190601b xxu||||| |||| 00| 0 eng d | ||
| 040 | _cMACL | ||
| 100 |
_aनायडू,डाॅ. भारती _975177 |
||
| 245 | _aसंगीत की द्ष्टि से महादेवी वर्मा के काव्य का अनुशीलन | ||
| 260 |
_aदिल्ली _bनीरज बुक सेंटर _c2017 |
||
| 650 |
_aरचनावली _9163 |
||
| 942 |
_2ddc _cHIN |
||
| 999 |
_c60002 _d60002 |
||